Oscar du meilleur film - Mort subite - Statistiques

Statistiques générales
  • Ce quiz a été pris 1 375 fois
  • Le résultat moyen est 5 sur 21
Answers on the Grid
Answers color-coded by a green-red scale on the quiz's grid according to % correct below.
Avatar
Apocalypse Now
Impitoyable
Les Évadés
Les Infiltrés
Pulp Fiction
Vol au-dessus d'un nid de coucou
Ben-Hur
Oppenheimer
Citizen Kane
Black Swan
Danse avec les loups
Voyage au bout de l'enfer
Barry Lyndon
Lawrence d'Arabie
Le Parrain
Gandhi
Le Dernier Empereur
Million Dollar Baby
Douze hommes en colère
Will Hunting
The Artist
Les Dix Commandements
Rocky
Les Affranchis
Titanic
American Beauty
Gangs of New-York
Le Fugitif
Le Cercle des poètes disparus
La Glorieuse parade
À l'Ouest, rien de nouveau (1930)
Le Dictateur
Birdman
Lincoln
La Ligne verte
Le Silence des agneaux
Parasite
Rain Man
Raging Bull
 
Statistiques - réponses
Réponse % Correct
Oppenheimer
55%
Ben-Hur
41%
Le Parrain
37%
Titanic
37%
The Artist
36%
Parasite
34%
Vol au-dessus d'un nid de coucou
34%
Les Infiltrés
30%
Impitoyable
28%
Le Silence des agneaux
25%
Million Dollar Baby
25%
Danse avec les loups
22%
Birdman
19%
Lawrence d'Arabie
19%
Gandhi
17%
American Beauty
16%
Rocky
16%
Le Dernier Empereur
14%
Rain Man
14%
À l'Ouest, rien de nouveau (1930)
11%
Voyage au bout de l'enfer
11%
Aucun quiz correspondant
Distribution des résultats
% des personnes avec chaque résultat
Percentile par nombre de réponses
Votre historique - résultats
Vous n’avez pas pris ce quiz